Gaming Quiz

Random Gaming or Nintendo Quiz

Super Smash Bros. - Subspace Emissary Bosses Quiz Stats

 Plays Quiz not verified by Sporcle

Challenge
Share
Tweet
Score 0/8 Timer 03:00
0 Plays Today
% Correct
Petey Piranha
88.1%
Tabuu
71.9%
Rayquaza
69.5%
Meta Ridley
66%
Porky
63.1%
Ridley
60.9%
Duon
57.4%
Galleom
48%

You're not logged in!

Compare scores with friends on all Sporcle quizzes.
OR
Log In

You Might Also Like...

Show Comments

Extras

Top Quizzes Today


Score Distribution

Your Account Isn't Verified!

In order to create a playlist on Sporcle, you need to verify the email address you used during registration. Go to your Sporcle Settings to finish the process.

Report this User

Report this user for behavior that violates our Community Guidelines.

Details: